Las elecciones de 1993 y sus efectos sobre los partidos políticos y el sistema de partidos /
Enregistré dans:
| Auteur principal: | |
|---|---|
| Format: | Texte |
| Tags: |
Ajouter un tag
Pas de tags, Soyez le premier à ajouter un tag!
|
MARC
| LEADER | 00000 a a2200000 04500 | ||
|---|---|---|---|
| 001 | 47052 | ||
| 003 | |||
| 040 | |||
| 100 | |a Vaivads F., Henry | ||
| 245 | |a Las elecciones de 1993 y sus efectos sobre los partidos políticos y el sistema de partidos / |c Henry Vaivads F. | ||
| 773 | |g número13, (1994), páginas 91-103 : tablas | ||
| 999 | |c 23742 |d 23742 | ||
